Australian Federal Cabinet Quiz Stats

 Plays Quiz not verified by Sporcle

Score 0/21 Timer 05:00
0 Plays Today
Portfolio Minister % Correct
Prime MinisterGillard
98.9%
Minister for Foreign AffairsRudd
97.2%
TreasurerSwan
94.4%
Minister for FinancePenny Wong
85.4%
Minister for DefenceStephen Smith
81.5%
Minister for School Education, Early Childhood and Youth Peter Garrett
78.7%
Minister for Health and AgeingNicola Roxon
73%
Minister for Families, Housing, Community Services and Indigenous Affairs Jenny Macklin
71.9%
Minister for Infrastructure and Transport Anthony Albanese
68.5%
Minister for Broadband, Communications and the Digital Economy Stephen Conroy
68%
Minister for Climate Change and Energy Efficiency Greg Combet
67.4%
Portfolio Minister % Correct
Minister for Resources and EnergyMartin Ferguson
63.5%
Minister for TourismMartin Ferguson
63.5%
Minister for Regional Australia, Regional Development and Local Government Simon Crean
62.9%
Minister for Innovation, Industry, Science and Research Kim Carr
59%
Minister for Sustainability, Environment, Water, Population and Communities Tony Burke
55.1%
Minister for Immigration and CitizenshipChris Bowen
53.9%
Minister for Agriculture, Fisheries and Forestry Joe Ludwig
51.1%
Minister for Trade Craig Emerson
42.1%
Minister for Tertiary Education, Skills, Jobs and Workplace RelationsChris Evans
38.8%
Attorney-GeneralRobert McClelland
24.7%

You're not logged in!

Compare scores with friends on all Sporcle quizzes.
OR
Log In

Show Comments

Extras

Top Quizzes Today


Score Distribution

Your Account Isn't Verified!

In order to create a playlist on Sporcle, you need to verify the email address you used during registration. Go to your Sporcle Settings to finish the process.

Report this User

Report this user for behavior that violates our Community Guidelines.

Details: